| 000 | 02144nac a22003011u 4500 | ||
|---|---|---|---|
| 010 | _a 2006010788 | ||
| 020 | _a9780763737627 (alk. paper) | ||
| 035 | _a(DNLM)101272875 | ||
| 082 | 0 | 0 |
_a579 _bP787 |
| 090 |
_c2708 _d2708 |
||
| 100 | _aPommerville, Jeffrey C | ||
| 245 | 1 | 0 |
_aAlcamo's fundamentals of microbiology / _cJeffrey C. Pommerville. |
| 246 | 3 | 0 | _aFundamentals of microbiology |
| 250 | _a8th ed. | ||
| 260 |
_aSudbury, Mass. : _bJones and Bartlett Publishers,2007. |
||
| 300 |
_a1v.(various pagings) : _cCol. ill. ; _b28 cm. |
||
| 504 | _aIncludes bibliographical references and index. | ||
| 505 | 0 | _aMicrobiology: then and now -- The chemical building blocks of life -- Basic concepts of microbiology -- Prokaryotic structure -- Prokaryotic growth and metabolism -- Control of prokaryotic growth -- Prokaryotic genetics and genomics -- Gene transfer, genetic engineering, and genomics -- Airborne bacterial diseases -- Foodborne and waterborne bacterial diseases -- Soilborne and arthropodborne bacterial diseases -- Sexually transmitted, contact, and miscellaneous bacterial diseases -- Viruses and eukaryotic microorganisms -- Viral infections of the respiratory tract and skin -- Viral infections of the blood and the lymphatic system, and gastrointestinal and nervous systems -- Eukaryotic microorganisms: the fungi -- Eukaryotic microorganisms: the parasites -- Infection and disease -- Resistance and the immune system: innate immunity -- Resistance and the immune system: acquired immunity -- Immunity and serology -- Immune disorders -- Physical and chemical control of microorganisms -- Chemotherapeutic agents and antibiotics -- Microbiology of foods -- Environmental microbiology -- Industrial microbiology and biotechnology. | |
| 650 | 0 | _aMicrobiology. | |
| 650 | 0 | _aMedical microbiology. | |
| 650 | 0 | _aMicrobiology. | |
| 700 | 1 | _aAlcamo, I. Edward. | |
| 856 | 4 | 1 |
_3Table of contents only _uhttp://www.loc.gov/catdir/toc/ecip0611/2006010788.html |
| 942 |
_cBB _k579 P787 _hRDA-MOD |
||
| 999 |
_c2708 _d2708 |
||
| 336 |
_2rdacontent _atext _btxt |
||
| 337 |
_aunmediated _2rdamedia _bn |
||
| 338 |
_avolume _bnc _2rdacarrier |
||